| 000 | 00777nam a22002057a 4500 | ||
|---|---|---|---|
| 999 |
_c19110 _d19110 |
||
| 003 | AR-CdUCM | ||
| 008 | 190516b ||||| |||| 00| 0 spa d | ||
| 040 |
_aMUNICIPALIDAD PROVINCIAL DEL CUSCO _cBIBLIOTECA MUNICIPAL DEL CUSCO |
||
| 082 |
_a336 / _bL29 |
||
| 100 |
_aLaufenburger, Henry _940241 |
||
| 245 |
_aFinanzas comparadas : _bEstados Unidos - Francia - Inglaterra - México - U.R.S.S. / |
||
| 260 |
_aMéxico : _bFondo de cultura económica, _c1951. |
||
| 300 |
_a410 páginas ; _c22 cm. |
||
| 505 | _aContenido: Técnica y política presupuestarias -- Recursos presupuestarios y política financiera | ||
| 650 |
_aFinanzas _94496 |
||
| 650 |
_aPolíticas económicas _96855 |
||
| 650 |
_aAspectos jurídicos _95026 |
||
| 942 |
_2ddc _cLIBROS |
||
| 945 |
_aacv _d2019-05-16 |
||